01862nam a2200373 a 4500001000200000003000900002005001700011008002800028020001800056040002600074082002900100100004400129245014100173260004800314300002800362490002400390500004600414500000600460500000600466520029900472521006400771586012100835586006200956590002601018600007101044650003801115650004801153650004101201700004001242910004101282942001201323952013601335999001701471 DO-SdBNP20240809102142.0100824s2014 ch 000 0 spa d a9789568209803 aDO-SdBNPbspacBPMSU  4aCh861.4bM678be 20142221 aMistral, Gabriela,d1889-1957 eautora.13aLa bella durmiente del bosque /cCharles Perrault ; adaptación Gabriela Mistral Gabriela Mistral ; ilustraciones de Carmen Cardemilb  aSantiago, Chile :bEditorial Amanuta,c2014 a31 p. :bils. ;c27 cm.0 aPoesía ilustrada  aIncluye datos biográficos de la autora  a  a  a Gabriela Mistral escribe La Bella Durmiente inspirada en los Cuentos de Antaño de Charles Perrault, escritos en el siglo XVII. La autora escribió esta versión en la forma del cuento de hadas versificado donde están presente la belleza y el refinamiento tan preciados en el Modernismo.  aRecomendado para niños a partir de los 5 años de edad.  aPremio ''Libro más Bello'' 2014, Comisión Alemana para la UNESCO y Fundación Alemana de las Artes Gráficas.  aPremio a la Edición, Municipalidad de Santiago, 2013.  aInventariado, 2024/VM14aPerrault, Charles,d1628-1703.t La bella durmientevAdaptaciones  4aLiteratura infantil chilenay x  4aCuentos infantiles populares vAdaptaciones 4aPoesías infantiles chilenas y v 1 aCardemil, Carmen eilustradora. d  aVMateo V. Control de calidad. BPMSU  2ddccBK 00102ddc40708CI-GaBPMETbBPMETd2024-08-09eBNPHUl0oBPMSU CGI Ch861.4 M678be 2014pBPMSU24080024r2024-08-09w2024-08-09yBK c14777d14777